Slezský Sborník , Roč.52 , 1954

Podrobná bibliografia
Médium: Kniha
Jazyk:neznámy jazyk
Vydavateľské údaje: Opava SSÚ 1954

MARC

LEADER 00000nam a2200000 a 4500
001 vtls001357769
003 SK-MaSNL
005 20260223215815.0
008 990315s1954 xx 0 und
035 |a SNK000311277 
040 |a SNK  |b slo  |c SNK  |e AACR2 
245 1 |a Slezský Sborník , Roč.52 , 1954 
260 |a Opava  |b SSÚ  |c 1954 
999 |c 720498  |d 722428 
952 |a SNK  |b SNK  |y PREZ  |7 0  |p 17A0182642  |o snkČC 331/52(12)/1954  |0 0  |1 0  |4 0  |d 1999-03-15  |l 0  |r 2005-01-02 00:00:00  |w 2026-02-23